Catálogo público

Diseño y construcción de un secador solar por convección forzada tipo túnel / (Record no. 218806)

MARC details
000 -CABECERA
campo de control de longitud fija 01962nam a2200301 a 4500
003 - IDENTIFICADOR DEL NÚMERO DE CONTROL
campo de control OSt
005 - FECHA Y HORA DE LA ÚLTIMA TRANSACCIÓN
campo de control 20251111111751.0
007 - CAMPO FIJO DE DESCRIPCIÓN FÍSICA--INFORMACIÓN GENERAL
campo de control de longitud fija cr ||||||a|c|a
008 - DATOS DE LONGITUD FIJA--INFORMACIÓN GENERAL
campo de control de longitud fija 230523s2019 mx a|||fom||| 001 0 spa d
040 ## - FUENTE DE LA CATALOGACIÓN
Normas de descripción rda
100 1# - ENTRADA PRINCIPAL--NOMBRE DE PERSONA
9 (RLIN) 187150
Nombre de persona Zacarías Herrera, Ulises
245 10 - MENCIÓN DE TÍTULO
Título Diseño y construcción de un secador solar por convección forzada tipo túnel /
Mención de responsabilidad, etc. por Ulises Zacarías Herrera; director de tesis Abraham Cortés Hernández.
264 #1 - PRODUCCIÓN, PUBLICACIÓN, DISTRIBUCIÓN, FABRICACIÓN Y COPYRIGHT
Producción, publicación, distribución, fabricación y copyright Chapingo, México :
Nombre del de productor, editor, distribuidor, fabricante El autor,
Fecha de producción, publicación, distribución, fabricación o copyright 2019.
300 ## - DESCRIPCIÓN FÍSICA
Extensión 1 recurso en línea (47 páginas):
Otras características físicas tablas. figuras.
336 ## - TIPO DE CONTENIDO
Fuente rdacontent
Término de tipo de contenido texto
Código de tipo de contenido txt
337 ## - TIPO DE MEDIO
Fuente rdamedia
Nombre/término del tipo de medio computadora
Código del tipo de medio c
338 ## - TIPO DE SOPORTE
Fuente rdacarrier
Nombre/término del tipo de soporte recurso en línea
Código del tipo de soporte cr
502 ## - NOTA DE TESIS
Tipo de título Ingeniería Mecánica Agrícola
Nombre de la institución que otorga el título Departamento de Ingeniería Mecánica Agrícola,
Año de obtención del título 2019.
504 ## - NOTA DE BIBLIOGRAFÍA, ETC.
Nota de bibliografía, etc. Incluye referencias bibliográficas: páginas 30-31.
520 ## - SUMARIO, ETC.
Sumario, etc. En este trabajo se presenta el diseño y la construcción de un secador solar por convección forzada tipo túnel para frutas en Santiago Pinotepa Nacional, Oaxaca. Las dimensiones del secador son 12 m de largo, 5 m de ancho y 3 m de altura, el área efectiva de secado es de 30 m2, el área interior del secador solar es de 60 m2 y el volumen aproximado es 162 m3. Se realizó una prueba en vacío, en la que se monitoreo la temperatura ambiente y la temperatura de la cámara de secado, y en la que se obtuvo una diferencia promedio de 22 °C, también se observó el comportamiento del secador deshidratando 150 kg de papaya, el producto presentó características visuales de calidad 15 horas después de haber sido ingresado.
650 #4 - PUNTO DE ACCESO ADICIONAL DE MATERIA--TÉRMINO DE MATERIA
9 (RLIN) 132155
Término de materia o nombre geográfico como elemento de entrada Deshidratadoras
Subdivisión general Diseño y construcción
650 #4 - PUNTO DE ACCESO ADICIONAL DE MATERIA--TÉRMINO DE MATERIA
9 (RLIN) 185540
Término de materia o nombre geográfico como elemento de entrada Secadores solares
650 #7 - PUNTO DE ACCESO ADICIONAL DE MATERIA--TÉRMINO DE MATERIA
9 (RLIN) 187151
Término de materia o nombre geográfico como elemento de entrada Papaya
Subdivisión general Deshidratación
650 #7 - PUNTO DE ACCESO ADICIONAL DE MATERIA--TÉRMINO DE MATERIA
9 (RLIN) 43680
Término de materia o nombre geográfico como elemento de entrada Frutas y legumbres
Subdivisión general Deshidratación
700 1# - PUNTO DE ACCESO ADICIONAL--NOMBRE DE PERSONA
9 (RLIN) 28361
Nombre de persona Cortés Hernández, Abraham
Término indicativo de función/relación director.
856 ## - LOCALIZACIÓN Y ACCESO ELECTRÓNICOS
Identificador Uniforme del Recurso http://10.13.5.2/tesis/tl/Zacarias_Herrera_Ulises.pdf
Nota pública DESCARGAR PDF
942 ## - ELEMENTOS DE PUNTO DE ACCESO ADICIONAL (KOHA)
Fuente del sistema de clasificación o colocación Clasificación Universidad Autónoma Chapingo
Tipo de ítem Koha Tesis digital
Holdings
Estado de retiro Estado de pérdida Fuente del sistema de clasificación o colocación Estado dañado Restricciones de uso No para préstamo Código de colección Localización permanente Ubicación/localización actual Ubicación en estantería Fecha de adquisición Total de préstamos Signatura topográfica completa Fecha visto por última vez Precio válido a partir de Tipo de ítem Koha
    Clasificación Universidad Autónoma de Chapingo   Préstamo interno   Tesis digitales de Licenciatura Biblioteca Digital Biblioteca Digital En línea 23/05/2023   Tesis digital 23/05/2023 23/05/2023 Tesis digital